| 000 | 00766nam a2200229 a 4500 | ||
|---|---|---|---|
| 005 | 20240920063945.0 | ||
| 008 | 081103s1988 mx r 000 0 spa d | ||
| 020 | _a1853020303 (Jessica Kingsley Publishers) | ||
| 020 | _a9231025843 | ||
| 035 | _aUPN01000164780 | ||
| 049 | _aUNE | ||
| 080 | _a374.7 (100) =20 BHO. | ||
| 100 | 1 |
_aBhola, Harbans Singh _936332 |
|
| 245 | 1 | 0 |
_aWorld trends and issues in adult education / _cH.S. Bhola. |
| 260 |
_aParís : _bUNESCO ; _aLondon : _bJessica Kingsley Publishers, _c1988. |
||
| 300 | _a177 p. | ||
| 440 | 0 | _aEducational Sciences | |
| 690 |
_aEducación de adultos _9956 |
||
| 690 | _aInvestigacion educacional - Educacion de adultos | ||
| 690 | _aTendencias educacionales - Educacion de adultos | ||
| 905 | _aUNESCO | ||
| 999 |
_c136892 _d136892 |
||